000 00596nam a2200229Ia 4500
003 OSt
005 20220928113221.0
006 a|||||r|||| 00| 0
007 ta
008 220927b |||||||| |||| 00| 0 eng d
024 _a42676
037 _cTextual
040 _aSDCL
_cSDCL
_beng
041 _2eng
_aeng
082 _aV21'D078, K8
100 _aMukerjee B N
_9432018
245 0 _aKushanas and the deccan
260 _aCalcutta
_bPilgrim Publishers
_c1968
300 _avi,166p
_ccm.
942 _hV21'D078, K8
_cTEXL
_2CC
999 _c748591
_d748591